Antenna theory anddesign / (Record no. 17220)
[ view plain ]
| 000 -LEADER | |
|---|---|
| fixed length control field | 00908aam a2200277 a 4500 |
| 001 - CONTROL NUMBER | |
| control field | 015868922 |
| 003 - CONTROL NUMBER IDENTIFIER | |
| control field | OSt |
| 005 - DATE AND TIME OF LATEST TRANSACTION | |
| control field | 20140122161921.0 |
| 008 - FIXED-LENGTH DATA ELEMENTS--GENERAL INFORMATION | |
| fixed length control field | 120120t2013 xxudk frb 001 0 eng d |
| 020 ## - INTERNATIONAL STANDARD BOOK NUMBER | |
| International Standard Book Number | 0470576642 (hbk.) |
| 020 ## - INTERNATIONAL STANDARD BOOK NUMBER | |
| International Standard Book Number | 9780470576649 (hbk.) |
| 082 04 - DEWEY DECIMAL CLASSIFICATION NUMBER | |
| Classification number | 621.3824 |
| Edition number | 22 |
| Item number | STU |
| 100 1# - MAIN ENTRY--PERSONAL NAME | |
| Personal name | Stutzman, Warren L. |
| 9 (RLIN) | 32367 |
| 245 10 - TITLE STATEMENT | |
| Title | Antenna theory anddesign / |
| Statement of responsibility, etc | Warren L. Stutzman, Gary A. Thiele. |
| 250 ## - EDITION STATEMENT | |
| Edition statement | 3rd ed. |
| 260 ## - PUBLICATION, DISTRIBUTION, ETC. (IMPRINT) | |
| Place of publication, distribution, etc | Hoboken, United States : |
| Name of publisher, distributor, etc | John Wiley & Sons, Inc., |
| Date of publication, distribution, etc | c.2013. |
| Manufacturer | (Acid Free Paper) |
| 300 ## - PHYSICAL DESCRIPTION | |
| Extent | xviii, 822 p. : |
| Other physical details | charts, forms ; |
| Dimensions | 26 cm. |
| 500 ## - GENERAL NOTE | |
| General note | Appendix : p. 781-810. |
| 500 ## - GENERAL NOTE | |
| General note | Index : p. 811-822. |
| 504 ## - BIBLIOGRAPHY, ETC. NOTE | |
| Bibliography, etc | Includes bibliographical references. |
| 650 #0 - SUBJECT ADDED ENTRY--TOPICAL TERM | |
| Topical term or geographic name as entry element | Antennas (Electronics) |
| 9 (RLIN) | 8918 |
| 653 ## - INDEX TERM--UNCONTROLLED | |
| Resource For college | |
| Arrived date list | February2013 |
| -- | January2014 |
| 655 ## - INDEX TERM--GENRE/FORM | |
| Form subdivision | |
| -- | 34232 |
| 700 1# - ADDED ENTRY--PERSONAL NAME | |
| Personal name | Thiele, Gary A. |
| 9 (RLIN) | 32370 |
| 942 ## - ADDED ENTRY ELEMENTS (KOHA) | |
| Source of classification or shelving scheme | Dewey Decimal Classification |
| Call number prefix | 621.3824 STU |
| Withdrawn status | Item status | Source of classification or shelving scheme | Damaged status | Not for loan | Vendor | Home library | Current library | Shelving location | Date acquired | Source of acquisition | Cost, normal purchase price | Serial Enumeration / chronology | Total Checkouts | Total Renewals | Full call number | Barcode | Checked out | Date last seen | Date last borrowed | Koha item type | Cost, replacement price |
|---|---|---|---|---|---|---|---|---|---|---|---|---|---|---|---|---|---|---|---|---|---|
| Dewey Decimal Classification | Academic Bookshop | Central Library | Central Library | First floor | 04/02/2013 | 320.00 | 2051299 | 2 | 24 | 621.3824 STU | 000028000 | 23/12/2023 | 31/08/2014 | 31/08/2014 | Book - Borrowing | ||||||
| Dewey Decimal Classification | Baccah | Central Library | Central Library | First floor | 22/01/2014 | 1950.00 | 000029718 | 3 | 33 | 621.3824 STU | 000029718 | 15/07/2025 | 15/10/2018 | Book - Borrowing | 2437.50 |